| 000 | 00388 a2200169 4500 | ||
|---|---|---|---|
| 001 | 188948 | ||
| 020 | _a978-85-7676-454-0 | ||
| 040 | _cMagnum | ||
| 100 | _aLarry, H I | ||
| 240 | 1 | 0 |
_aZac power: sucesso de cinema _lpor |
| 245 | 1 | 0 | _aZac power: sucesso de cinema |
| 300 | _a76 | ||
| 362 | 0 | _a2009 | |
| 440 | 1 | _aFundamento | |
| 697 | _aLITERATURA JUVENIL ESTRANGEIRA | ||
| 942 | _cBK | ||
| 999 |
_c188948 _d188948 |
||